| 000 | 00784nam a2200241 i 4500 | ||
|---|---|---|---|
| 001 | 88138 | ||
| 003 | ES-MaACL | ||
| 005 | 20250824210332.0 | ||
| 007 | t| | ||
| 008 | 050103s1972 sp af |||| | spa d | ||
| 080 | _a75(460):069.5(460.27 M.) | ||
| 100 | 1 |
_aLafuente Ferrari, Enrique, _d1898-1985 _969538 |
|
| 245 | 1 | 0 |
_aEl Prado _b: del Románico al Greco / _cE. Lafuente Ferrari. |
| 250 | _a3ª ed. | ||
| 260 |
_a[Madrid] : _bAguilar, _c1972. |
||
| 300 |
_a334 p., 32 lám. : _bil. col. y n. ; _c30 cm + _e100 diapositivas. |
||
| 490 | 1 | _aLibrofilm Aguilar | |
| 650 | 4 |
_aPintura española- _zMuseo Nacional del Prado. _9161967 |
|
| 650 | 4 |
_aDiapositivas. _9163225 |
|
| 830 | 0 | 0 |
_aLibrofilm Aguilar _9231821 |
| 852 |
_aES-MaACL _jE-5999 |
||
| 999 |
_c88138 _d88138 |
||